000 00404nam a2200145Ia 4500
008 220204s9999 xx 000 0 und d
082 _a334.743:336.126.3
_bGOP
100 _aGopinath, Sarangi
245 0 _aCentral excise guide for small scale industry 1996-97
250 _aEd.4
260 _aNew Delhi
_bCentax Publications
_c1996-97
650 _aExcise duty
650 _aSSI products
942 _cBK
999 _c41009
_d41009